000 00481nam a22001457a 4500
020 _a9789870327028
080 _a342.724 C 231
100 _aCarrasco, Morita
245 _aDerecho a la Identidad
_borganización comunitaria y territorio indígena
260 _aCiudad Autónoma de Buenos Aires
_bLa Ley
_c2014
300 _a400 p.
650 _xderecho a la identidad
_xcomunidad indígena
_xpueblos indígenas
_xsalta
_xterritorio indígena
945 _asa
_d2015-06-25
999 _c4082
_d234586
942 _6_